000 00248nam a2200109Ia 4500
005 20251222141830.0
008 251222s9999||||xx |||||||||||||| ||spa||
082 _a657.45/L46
100 _aLeón Flores, Gilberto
245 0 _aAuditoría
942 _cLIB
999 _c7094
_d7094